Спутниковая навигация: методы и средства

Bibliografske podrobnosti
Glavni avtor: Карлащук В. И. Василий Иванович
Drugi avtorji: Карлащук С. В. Сергей Васильевич
Izvleček:Книга посвящена описанию спутниковых радионавигационных систем GPS-NAVSTAR (США) и ГЛОНАСС (Россия) и их применению в различных устройствах определения координат. В книге приведены краткие сведения из геодезии, необходимые для понимания задач, решаемых при определении местоположения различных объектов, а также подробное описание навигационной программы OziExplorer, широко используемой в переносных и карманных компьютерах. Книга будет интересной для автомобилистов, любителей пешего, горного, водного и лыжного туризма, для охотников, рыболовов, пилотов-любителей, судоводителей малых морских судов, для лиц, занимающихся мониторингом транспортных средств и др. Приведенная инфорация будет полезной также для студентов и учащихся геодезических, радиотехнических, геологоразведочных, морских и других учебных заведений.
Jezik:ruščina
Izdano: Москва, Солон-Пресс, 2006
Serija:Библиотека инженера
Teme:
Format: MixedMaterials Knjiga
KOHA link:https://koha.lib.tpu.ru/cgi-bin/koha/opac-detail.pl?biblionumber=103102

MARC

LEADER 00000nam0a2200000 4500
001 103102
005 20231101214451.0
010 |a 5980032517 
035 |a (RuTPU)RU\TPU\book\111172 
090 |a 103102 
100 |a 20061012d2006 km y0rusy50 ca 
101 0 |a rus 
102 |a RU 
105 |a a z 001zy 
200 1 |a Спутниковая навигация: методы и средства  |f В. И. Карлащук, С. В. Карлащук 
210 |a Москва  |c Солон-Пресс  |d 2006 
215 |a 176 с.  |c ил. 
225 1 |a Библиотека инженера 
320 |a Список терминов и сокращений: с. 147-172. 
320 |a Библиография: с. 173. 
330 |a Книга посвящена описанию спутниковых радионавигационных систем GPS-NAVSTAR (США) и ГЛОНАСС (Россия) и их применению в различных устройствах определения координат. В книге приведены краткие сведения из геодезии, необходимые для понимания задач, решаемых при определении местоположения различных объектов, а также подробное описание навигационной программы OziExplorer, широко используемой в переносных и карманных компьютерах. Книга будет интересной для автомобилистов, любителей пешего, горного, водного и лыжного туризма, для охотников, рыболовов, пилотов-любителей, судоводителей малых морских судов, для лиц, занимающихся мониторингом транспортных средств и др. Приведенная инфорация будет полезной также для студентов и учащихся геодезических, радиотехнических, геологоразведочных, морских и других учебных заведений. 
606 1 |a Спутниковая навигация  |2 stltpush  |3 (RuTPU)RU\TPU\subj\64647  |9 81440 
610 1 |a радионавигация 
610 1 |a геодезия 
610 1 |a земная поверхность 
610 1 |a топографические карты 
610 1 |a спутниковые навигационные системы 
610 1 |a NAVSTAR-GPS 
610 1 |a ГЛОНАСС 
610 1 |a приемные устройства 
610 1 |a OziExplorer 
610 1 |a навигационные программы 
675 |a 621.396.93  |v 3 
700 1 |a Карлащук  |b В. И.  |g Василий Иванович 
701 1 |a Карлащук  |b С. В.  |g Сергей Васильевич 
801 1 |a RU  |b 63413507  |c 20061012  |g PSBO 
801 2 |a RU  |b 63413507  |c 20170330  |g PSBO 
900 |a Спутниковые навигационные системы 
942 |c BK 
959 |a 88/20061012  |d 14  |e 0  |f НФ:2  |f УФ:12